UBT Library

DESCARTES (Record no. 59716)

000 -LEADER
fixed length control field 00302nam a22001457a 4500
008 - FIXED-LENGTH DATA ELEMENTS--GENERAL INFORMATION
fixed length control field 230515b ||||| |||| 00| 0 eng d
020 ## - INTERNATIONAL STANDARD BOOK NUMBER
International Standard Book Number 0876637179
041 ## - LANGUAGE CODE
Language code of text/sound track or separate title eng
080 ## - UNIVERSAL DECIMAL CLASSIFICATION NUMBER
Universal Decimal Classification number 101
082 ## - DEWEY DECIMAL CLASSIFICATION NUMBER
Classification number 101REE
100 ## - Rafti
Rafti 44
101 ## - Shkurtesa
Shkurtesa ENCI
245 ## - TITLE STATEMENT
Title DESCARTES
Statement of responsibility, etc REE.JONATHAN
942 ## - ADDED ENTRY ELEMENTS (KOHA)
Source of classification or shelving scheme
Item type Books
Holdings
Withdrawn status Lost status Source of classification or shelving scheme Damaged status Not for loan Collection code Permanent location Current location Date acquired Total Checkouts Full call number Barcode Date last seen Price effective from Koha item type
          Koleksioni i përgjithshem UBT - Lipjan UBT - Lipjan 05/15/2023   101REE 002-800080204 05/15/2023 05/15/2023 Books
UBT Library © 2015-2024. All rights reserved University Education for Business and Technology